The philosophy of the enlightenment /

Đã lưu trong:
书目详细资料
主要作者: Cassirer, Ernst.
格式: Sách giấy
语言:English
出版: Boston : Beacon Press, 1951.
标签: 添加标签
没有标签, 成为第一个标记此记录!
Thư viện lưu trữ: Thư viện Trường Đại học Đà Lạt
LEADER 00610nam a2200265 4500
001 DLU100113346
005 ##20101116
040 # # |a DLU  |b vie 
041 # # |a eng 
044 # # |a us 
082 # # |a 190  |b CA-E 
100 # # |a Cassirer, Ernst. 
245 # # |a The philosophy of the enlightenment /  |c Ernst Cassirer. 
260 # # |a Boston :  |b Beacon Press,  |c 1951. 
300 # # |a xiii, 366 p. ;  |c 21 cm. 
923 # # |a 100/2010 
992 # # |a 0 
994 # # |a DLU 
900 # # |a True 
911 # # |a Lý Thị Hồng Hạnh 
925 # # |a G 
926 # # |a A 
927 # # |a SH 
980 # # |a Thư viện Trường Đại học Đà Lạt